[Event "NATO-ch 34th"]
[Site "Rhodes"]
[Date "2024.10.22"]
[Round "2"]
[White "Peraino, Andrew M"]
[Black "Mautone, Valerio"]
[Result "1-0"]
[WhiteElo "1965"]
[BlackElo "2117"]
[PlyCount "75"]
[EventDate "2024.10.21"]
[EventType "swiss"]
[EventRounds "7"]
[EventCountry "GRE"]
[SourceTitle "CB44_2024"]
[Source "Chessbase"]
[SourceDate "2024.10.30"]
[SourceVersion "1"]
[SourceVersionDate "2024.10.30"]
[SourceQuality "1"]

1. e4 c5 2. Nf3 d6 3. Bb5+ Nd7 4. a4 g6 5. 0-0 Bg7 6. Re1 Ngf6 7. c3 0-0 8. d4 a6 9. Bf1 Qc7 10. h3 e5 11. Na3 cxd4 12. cxd4 Re8 13. d5 Nh5 14. Be3 f5 15. Rc1 Qd8 16. exf5 gxf5 17. Ng5 Ndf6 18. Nc4 f4 19. Bb6 Qe7 20. Nxe5 dxe5 21. d6 Qf8 22. Bc4+ Kh8 23. Nf7+ Kg8 24. Rxe5 Rxe5 25. Nxe5+ Kh8 26. d7 Bxd7 27. Nxd7 Nxd7 28. Qxd7 Bxb2 29. Rb1 Qg7 30. Qf5 Qc3 31. Bd3 Nf6 32. Ba5 Qd4 33. Bc7 Re8 34. Bxf4 Qxa4 35. Rxb2 Qa1+ 36. Rb1 Re1+ 37. Rxe1 Qxe1+ 38. Kh2 1-0

[Event "NATO-ch 33rd"]
[Site "Portoroz"]
[Date "2023.09.04"]
[Round "1"]
[White "Peraino, Andrew M"]
[Black "Abbate, Giovanni"]
[Result "1-0"]
[WhiteElo "1957"]
[BlackElo "1525"]
[PlyCount "53"]
[EventDate "2023.09.04"]
[EventType "swiss"]
[EventRounds "7"]
[EventCountry "SLO"]
[SourceTitle "CBM 216 Extra"]
[Source "ChessBase"]
[SourceDate "2023.11.30"]
[SourceVersion "1"]
[SourceVersionDate "2023.11.30"]
[SourceQuality "1"]

1. e4 g6 2. d4 Bg7 3. Nc3 d6 4. Be3 Nd7 5. f4 e5 6. Nf3 exd4 7. Bxd4 Bxd4 8. Qxd4 Qf6 9. e5 dxe5 10. fxe5 Qb6 11. Nd5 Qxd4 12. Nxd4 Kd8 13. e6 Ne5 14. 0-0-0 c6 15. Nxc6+ Nxc6 16. Nb6+ Kc7 17. Nxa8+ Kb8 18. exf7 Nge7 19. Bc4 Rf8 20. Rhe1 Kxa8 21. Rd6 Nf5 22. Re8 Rxf7 23. Rxc8+ Nb8 24. Rdd8 a6 25. Bxf7 Ne7 26. Rxb8+ Ka7 27. Rxb7+ 1-0

[Event "Dulles Colonial op 2nd"]
[Site "Dulles"]
[Date "2021.04.04"]
[Round "4"]
[White "Peraino, Andrew M"]
[Black "Chiu, Isaac"]
[Result "0-1"]
[WhiteElo "2029"]
[BlackElo "2195"]
[PlyCount "72"]
[EventDate "2021.04.02"]
[EventType "swiss"]
[EventRounds "5"]
[EventCountry "USA"]
[SourceTitle "CBM 202 Extra"]
[Source "ChessBase"]
[SourceDate "2021.07.31"]
[SourceVersion "1"]
[SourceVersionDate "2021.07.31"]
[SourceQuality "1"]

1. e4 g6 2. d4 Bg7 3. f4 c5 4. c3 cxd4 5. cxd4 d5 6. e5 Nc6 7. Nc3 Nh6 8. Be3 0-0 9. Qd2 f6 10. Be2 Be6 11. Rc1 Nf5 12. Nf3 Bh6 13. g4 Nxe3 14. Qxe3 Bxg4 15. Nxd5 Be6 16. Nc3 fxe5 17. Ng5 Bxg5 18. fxg5 Qxd4 19. Qxd4 exd4 20. Ne4 Bxa2 21. Nc5 Ne5 22. h4 Bd5 23. Rh3 Rac8 24. Kd2 b6 25. Nd3 Nxd3 26. Rxc8 Rxc8 27. Bxd3 e5 28. h5 e4 29. Ba6 Rf8 30. hxg6 hxg6 31. Ke1 Rf4 32. Rg3 Kg7 33. Be2 a5 34. Bb5 Rh4 35. Rg2 Rh1+ 36. Ke2 Rb1 0-1

[Event "NATO-ch 29th"]
[Site "Lubbock"]
[Date "2018.06.04"]
[Round "1"]
[White "Peraino, Andrew M"]
[Black "Pavlidou, Ekaterini"]
[Result "0-1"]
[WhiteElo "1868"]
[BlackElo "2157"]
[PlyCount "112"]
[EventDate "2018.06.04"]
[EventType "swiss"]
[EventRounds "7"]
[EventCountry "USA"]
[SourceTitle "EXT 2019"]
[Source "ChessBase"]
[SourceDate "2018.10.10"]
[SourceVersion "1"]
[SourceVersionDate "2018.10.10"]
[SourceQuality "1"]

1. e4 c5 2. Nf3 Nc6 3. d4 cxd4 4. Nxd4 e6 5. Nc3 Qc7 6. Be2 a6 7. 0-0 Nf6 8. Be3 Be7 9. f4 d6 10. Kh1 0-0 11. Qe1 Re8 12. Qg3 Nd7 13. f5 Bf6 14. fxe6 fxe6 15. Rad1 Be5 16. Qg5 Nf8 17. Rf2 Qe7 18. Nxc6 Qxg5 19. Bxg5 bxc6 20. Na4 Rb8 21. b3 c5 22. Bc1 Bb7 23. Bf3 Ng6 24. g3 Rf8 25. Kg2 Rf7 26. Re1 Rbf8 27. Ree2 Bd4 28. Be3 Ne5 29. c3 Bxe3 30. Rxe3 Nxf3 31. Rfe2 Ne5 32. h3 c4 33. Nb2 d5 34. g4 cxb3 35. axb3 dxe4 36. c4 Nd3 37. Kg3 Rf3+ 38. Rxf3 exf3 39. Rf2 Nxf2 40. Kxf2 Rd8 41. Na4 Rd2+ 42. Ke1 f2+ 43. Kf1 Be4 44. Nc5 Bd3+ 45. Nxd3 Rxd3 46. Kxf2 Rxb3 47. h4 a5 48. Ke2 a4 49. Kd2 a3 50. Kc2 Rb8 51. c5 a2 52. c6 a1Q 53. c7 Qa4+ 54. Kd3 Rb3+ 55. Kc2 Qa2+ 56. Kc1 Rb1# 0-1